000
00321nam a22001457a 4500
020
_a
978-0-07-070242-4
041
_a
ENG
100
_a
Chow.V.T
245
_a
Applied Hydrology
260
_a
New Delhi
_b
Tata McGraw Hill Ed
_c
2013
300
_a
572
650
_a
SWCE
700
_a
Maidmet.D.R
856
_u
SWCE ( 06 )
999
_c
1883
_d
1883